| 000 | 00496nam a2200145 i 4500 | ||
|---|---|---|---|
| 001 | 182478 | ||
| 003 | ES-MaACL | ||
| 005 | 20230906221624.0 | ||
| 008 | 130822s1845 sp |||| | spa d | ||
| 110 | 2 |
_aBanco Español de San Fernando. _92122 |
|
| 245 | 1 | 0 | _aDuodécima Junta general de Accionistas del Banco Español de S. Fernando celebrada en 1º de marzo de 1844. |
| 260 |
_aMadrid : _b[s.n.], _c1845 ( _fImp. de Eusebio Aguado) |
||
| 300 |
_a50 p. ; _c20 cm. |
||
| 852 |
_aES-MaACL _jT-360-F-4 |
||
| 999 |
_c182478 _d182478 |
||